00593 a2200181 4500001000700000020002200007040003500029240002700064245002500091300000800116362000900124440002500133697001100158942000700169952010800176952010800284999001900392157428 a978-85-359-3016-0 cEscola São Tomás de Aquino10a50 poemas de revoltal10a50 poemas de revolta a1430 a2017 1aCompanhia das Letras aPoesia cBK 00104070a12.22b12.22d2024-04-30l0oB869.91 50PpEST00012358r2024-04-30 22:14:54w2024-04-30yBK 00104070a12.22b12.22d2024-04-30l0oB869.91 50PpEST00012359r2024-04-30 22:14:54w2024-04-30yBK c157428d157428